000 00525nam a2200193Ia 4500
003 OSt
005 20220926045656.0
006 a|||||r|||| 00| 0
007 ta
008 220923b |||||||| |||| 00| 0 eng d
037 _cGeneral Book
040 _aRTL
_cRTL
_beng
041 _2eng
_aeng
082 _aX:3L, L7/TD
100 _aCORNWALL John
_9266414
245 0 _aModern capitalism
_bIts growth and transformation.
942 _hX:3L, L7/TD
_cGB
_2CC
999 _c678359
_d678359